[Event "III - WC Individual Ladies"]
[Site "Malente GER"]
[Date "2004.08.02"]
[Round "9.11"]
[White "Kedzierawska W. (POL)"]
[Black "Marcinkevicene E. (LTU)"]
[Result "0-1"]
[WhiteElo "1805"]
[BlackElo "1805"]
[PlyCount "83"]
[EventDate "2004.??.??"]
[EventType "tourn"]
[EventRounds "11"]
[EventCountry "GER"]

1. e4 c5 2. Bc4 Nc6 3. Nf3 d6 4. d4 cxd4 5. Nxd4 Nf6 6. Nc3 Qb6 7. Bb5 a6 8.
Bxc6+ bxc6 9. O-O c5 10. Nf3 e6 11. h3 Be7 12. Re1 O-O 13. e5 dxe5 14. Nxe5 Rd8
15. Qf3 Bb7 16. Ne4 Rd4 17. Bg5 Rxe4 18. Rxe4 Bxe4 19. Qc3 Rd8 20. Re1 Ba8 21.
Bxf6 Bxf6 22. b3 Qb7 23. f3 Qd5 24. Qe3 Qd2 25. Re2 Qxe3+ 26. Rxe3 Rd2 27. a4
Rxc2 28. Kf1 Bd5 29. Nd7 Bd4 30. Re2 Bxb3 31. Rxc2 Bxc2 32. a5 Bd3+ 33. Ke1 f6
34. Kd2 Bf1 35. g4 Kf7 36. Nb6 Ke7 37. Kc2 Bxh3 38. Nc4 Bf1 39. Kb3 h6 40. f4
Be2 41. f5 Bxg4 42. fxe6 0-1

[Event "III - WC Individual Ladies"]
[Site "Malente GER"]
[Date "2004.08.02"]
[Round "9.11"]
[White "Nazarova O. (ITA)"]
[Black "Necse M. (ROU)"]
[Result "1-0"]
[WhiteElo "2049"]
[BlackElo "1805"]
[PlyCount "83"]
[EventDate "2004.??.??"]
[EventType "tourn"]
[EventRounds "11"]
[EventCountry "GER"]

1. d4 d5 2. c4 Nf6 3. e3 e6 4. Nf3 Be7 5. Nc3 O-O 6. Bd3 Nc6 7. Qc2 h6 8. a3 a6
9. Bd2 Kh8 10. O-O-O dxc4 11. Bxc4 Qe8 12. h3 b5 13. Bd3 b4 14. axb4 Nxb4 15.
Qb1 Rb8 16. Ne5 Nxd3+ 17. Qxd3 Bd6 18. Nc4 Bb7 19. e4 e5 20. d5 Qe7 21. Be3 Ra8
22. Kd2 Bb4 23. Ke2 Bxc3 24. bxc3 Rad8 25. f3 Ne8 26. Na5 c6 27. c4 cxd5 28.
exd5 Rd6 29. Bc5 f6 30. Bxd6 Nxd6 31. c5 e4 32. Qe3 Nf5 33. Qf4 Qe5 34. Qxe5
fxe5 35. Nxb7 Ng3+ 36. Ke3 exf3 37. gxf3 Nxh1 38. Rxh1 Rf4 39. d6 Rd4 40. c6
Rc4 41. d7 Rc3+ 42. Ke4 1-0

[Event "III - WC Individual Ladies"]
[Site "Malente GER"]
[Date "2004.08.02"]
[Round "9.11"]
[White "Gonchar S. (UKR)"]
[Black "Mucha A. (GER)"]
[Result "0-1"]
[WhiteElo "1805"]
[BlackElo "1805"]
[PlyCount "86"]
[EventDate "2004.??.??"]
[EventType "tourn"]
[EventRounds "11"]
[EventCountry "GER"]

1. d4 d5 2. c4 e6 3. Nc3 f5 4. Nf3 c6 5. Bg5 Nf6 6. e3 Bd6 7. c5 Bc7 8. b4 a6
9. a4 O-O 10. Be2 Qe8 11. O-O Nbd7 12. Bf4 Bxf4 13. exf4 Ne4 14. Qc2 Rf6 15.
Ne5 Rh6 16. Ra3 Qe7 17. g3 Nxe5 18. fxe5 Bd7 19. Nxe4 dxe4 20. f3 exf3 21.
Raxf3 Be8 22. R3f2 Qg5 23. Bc4 Bf7 24. Qd2 Qe7 25. b5 axb5 26. axb5 Bh5 27.
bxc6 bxc6 28. Rxf5 Bg6 29. Qg5 Qd7 30. R5f4 Bc2 31. Qg4 Rg6 32. Qf3 h6 33. Rf8+
Rxf8 34. Qxf8+ Kh7 35. Qd6 Qc8 36. Rf8 Qb7 37. Bxe6 Qb1+ 38. Rf1 Qb4 39. Qd8
Rxe6 40. Qd7 Bd3 41. Rf6 Rxf6 42. exf6 Qe1+ 43. Kg2 Be4+ 0-1

[Event "III - WC Individual Ladies"]
[Site "Malente GER"]
[Date "2004.08.03"]
[Round "10.11"]
[White "Necse M. (ROU)"]
[Black "Gonchar S. (UKR)"]
[Result "0-1"]
[WhiteElo "1805"]
[BlackElo "1805"]
[PlyCount "70"]
[EventDate "2004.??.??"]
[EventType "tourn"]
[EventRounds "11"]
[EventCountry "GER"]

1. e4 e6 2. d4 d5 3. Nf3 c5 4. Nc3 dxe4 5. Nxe4 cxd4 6. Qxd4 Qxd4 7. Nxd4 Bd7
8. Bd2 e5 9. Nf3 Nc6 10. O-O-O O-O-O 11. a3 h6 12. h3 f5 13. Ng3 Bc5 14. Be1
Nf6 15. Nd2 Rhe8 16. Kb1 e4 17. Be2 f4 18. Nh5 Nxh5 19. Bxh5 Re7 20. Nb3 Bb6
21. f3 e3 22. Bc3 Bf5 23. Bg4 Bxg4 24. hxg4 Rxd1+ 25. Rxd1 e2 26. Rh1 Rd7 27.
Nc1 Rd1 28. Ka2 Rxh1 29. Nxe2 g6 30. g3 Rh2 31. Nc1 fxg3 32. Be1 Rxc2 33. Bxg3
Rxc1 34. f4 Rg1 35. Bh2 Rxg4 0-1

[Event "III - WC Individual Ladies"]
[Site "Malente GER"]
[Date "2004.08.03"]
[Round "10.11"]
[White "Marcinkevicene E. (LTU)"]
[Black "Nazarova O. (ITA)"]
[Result "0-1"]
[WhiteElo "1805"]
[BlackElo "2049"]
[PlyCount "66"]
[EventDate "2004.??.??"]
[EventType "tourn"]
[EventRounds "11"]
[EventCountry "GER"]

1. d4 d5 2. Nf3 Nf6 3. c4 c6 4. Nc3 g6 5. Bg5 Bg7 6. e3 Bg4 7. h3 Bf5 8. Bd3
Bxd3 9. Qxd3 e6 10. cxd5 exd5 11. O-O O-O 12. Rac1 Nbd7 13. Na4 Qe8 14. Bxf6
Bxf6 15. Nc5 Nxc5 16. Rxc5 Be7 17. Rc2 Bd6 18. Rfc1 f5 19. g3 Rf7 20. Kh1 Re7
21. Rg1 Qf7 22. Rcc1 Rae8 23. Rg2 Qe6 24. Ng5 Qf6 25. h4 h6 26. Nf3 Rh7 27. Rh2
Ree7 28. Rg1 Qe6 29. Nd2 g5 30. a3 Reg7 31. Qe2 f4 32. gxf4 Bxf4 33. Rhg2 Qh3+
0-1

[Event "III - WC Individual Ladies"]
[Site "Malente GER"]
[Date "2004.08.03"]
[Round "10.11"]
[White "Mironenko N. (UKR)"]
[Black "Kedzierawska W. (POL)"]
[Result "1-0"]
[WhiteElo "1805"]
[BlackElo "1805"]
[PlyCount "71"]
[EventDate "2004.??.??"]
[EventType "tourn"]
[EventRounds "11"]
[EventCountry "GER"]

1. e4 e5 2. Nf3 Nc6 3. Bc4 d6 4. c3 Be6 5. Bb5 Nge7 6. d4 exd4 7. cxd4 a6 8.
Be2 d5 9. e5 Nf5 10. O-O Be7 11. b3 O-O 12. Na3 Nb4 13. Bb2 c5 14. Nc2 Nxc2 15.
Qxc2 cxd4 16. Nxd4 Nxd4 17. Bxd4 Rc8 18. Qd2 f6 19. Qe3 Rc6 20. Rac1 fxe5 21.
Rxc6 bxc6 22. Qxe5 Rf6 23. Qe3 Rh6 24. Bxa6 Qa8 25. Qe2 Bd6 26. g3 c5 27. Be3
Rf6 28. Bg5 Bh3 29. Bxf6 Bxf1 30. Kxf1 gxf6 31. Qe6+ Kg7 32. Qxd6 d4 33. Qe7+
Kg6 34. Bd3+ Kg5 35. Qg7+ Kh5 36. Be2+ 1-0

[Event "III - WC Individual Ladies"]
[Site "Malente GER"]
[Date "2004.08.03"]
[Round "10.11"]
[White "Kazhugukova A. (KAZ)"]
[Black "Artjomova M. (LAT)"]
[Result "1-0"]
[WhiteElo "1805"]
[BlackElo "1805"]
[PlyCount "65"]
[EventDate "2004.??.??"]
[EventType "tourn"]
[EventRounds "11"]
[EventCountry "GER"]

1. e4 c5 2. Nc3 Nc6 3. Bc4 e6 4. Nge2 Nf6 5. d3 Be7 6. Bg5 O-O 7. Qd2 d5 8.
Bxf6 dxc4 9. Bxe7 Nxe7 10. dxc4 Qxd2+ 11. Kxd2 Rd8+ 12. Ke3 b6 13. Rad1 Bb7 14.
f3 Bc6 15. Rd3 Rxd3+ 16. cxd3 a6 17. a4 Rd8 18. Rb1 f5 19. Nf4 e5 20. Nfd5
Nxd5+ 21. exd5 Be8 22. b4 cxb4 23. Rxb4 Rd6 24. f4 exf4+ 25. Kxf4 Bd7 26. Ke5
Rf6 27. g3 h5 28. d4 Kf7 29. c5 bxc5 30. dxc5 g6 31. Rb7 Ke7 32. Rxd7+ Kxd7 33.
Kxf6 1-0

[Event "III - WC Individual Ladies"]
[Site "Malente GER"]
[Date "2004.08.03"]
[Round "10.11"]
[White "Gerasimova O. (RUS)"]
[Black "Bürki S. (SUI)"]
[Result "1-0"]
[WhiteElo "1805"]
[BlackElo "1805"]
[PlyCount "49"]
[EventDate "2004.??.??"]
[EventType "tourn"]
[EventRounds "11"]
[EventCountry "GER"]

1. e4 e5 2. Nf3 Nc6 3. Bb5 Bc5 4. O-O Nf6 5. d3 h6 6. Bxc6 bxc6 7. Nxe5 O-O 8.
d4 Be7 9. Re1 Bb7 10. Nc4 c5 11. e5 Nd5 12. Na5 Ba6 13. dxc5 Bxc5 14. Qxd5 Qe7
15. Nb3 Bb6 16. Be3 Bxe3 17. Rxe3 Rad8 18. Nc3 Qg5 19. Ne4 Qf4 20. Rf3 Qh4 21.
Qd4 Bb7 22. Nf6+ Qxf6 23. exf6 g6 24. Qf4 Bxf3 25. Qxh6 1-0

[Event "III - WC Individual Ladies"]
[Site "Malente GER"]
[Date "2004.08.04"]
[Round "11.11"]
[White "Bürki S. (SUI)"]
[Black "Rývová A. (CZE)"]
[Result "0-1"]
[WhiteElo "1805"]
[BlackElo "2046"]
[PlyCount "58"]
[EventDate "2004.??.??"]
[EventType "tourn"]
[EventRounds "11"]
[EventCountry "GER"]

1. e4 d5 2. Nc3 d4 3. Nb5 Nc6 4. Nf3 a6 5. h3 axb5 6. Bxb5 Bd7 7. b3 Nf6 8. d3
e6 9. O-O Bc5 10. Bf4 O-O 11. Qd2 Bb4 12. Qe2 Bc3 13. e5 Bxa1 14. Rxa1 Nd5 15.
Qe4 Nc3 16. Bg5 Nxe4 17. Bxd8 Nc3 18. Bxc7 Nxb5 19. a4 Nxc7 20. Re1 b5 21. axb5
Nxb5 22. Re4 Ra1+ 23. Kh2 Rc1 24. h4 Rxc2 25. g4 Ra8 26. g5 Raa2 27. Kg3 Rxf2
28. Ng1 Rg2+ 29. Kf3 Raf2# 0-1

[Event "III - WC Individual Ladies"]
[Site "Malente GER"]
[Date "2004.08.04"]
[Round "11.11"]
[White "Artjomova M. (LAT)"]
[Black "Gerasimova O. (RUS)"]
[Result "0-1"]
[WhiteElo "1805"]
[BlackElo "1805"]
[PlyCount "92"]
[EventDate "2004.??.??"]
[EventType "tourn"]
[EventRounds "11"]
[EventCountry "GER"]

1. d4 d5 2. c4 c6 3. Nf3 e6 4. Bf4 Bd6 5. Bxd6 Qxd6 6. c5 Qe7 7. e3 Nf6 8. Be2
O-O 9. O-O b6 10. b4 a5 11. Qb3 axb4 12. Qxb4 bxc5 13. dxc5 Ba6 14. Nc3 Bxe2
15. Nxe2 Na6 16. Qh4 Qxc5 17. Ne5 Qd6 18. Ng4 Nxg4 19. Qxg4 c5 20. Nf4 e5 21.
Nh5 Qg6 22. Qxg6 hxg6 23. Ng3 Rfb8 24. Rfd1 d4 25. Rac1 Rb2 26. exd4 cxd4 27.
a3 Rb3 28. a4 Rb4 29. Re1 f6 30. Ne4 Rxa4 31. Nc5 Nxc5 32. Rxc5 Ra1 33. Kf1 d3
34. Rd5 e4 35. g3 f5 36. h4 Rxe1+ 37. Kxe1 Ra2 38. f3 Rg2 39. g4 exf3 40. gxf5
Re2+ 41. Kf1 d2 42. fxg6 Re1+ 43. Kf2 d1=Q 44. Rxd1 Rxd1 45. Kxf3 Rg1 46. h5
Rg5 0-1

[Event "III - WC Individual Ladies"]
[Site "Malente GER"]
[Date "2004.08.04"]
[Round "11.11"]
[White "Kedzierawska W. (POL)"]
[Black "Kazhugukova A. (KAZ)"]
[Result "0-1"]
[WhiteElo "1805"]
[BlackElo "1805"]
[PlyCount "67"]
[EventDate "2004.??.??"]
[EventType "tourn"]
[EventRounds "11"]
[EventCountry "GER"]

1. e4 e6 2. Nc3 d5 3. d4 dxe4 4. Nxe4 Nf6 5. Nxf6+ Qxf6 6. Nf3 h6 7. Bc4 Nc6 8.
a3 Bd7 9. O-O O-O-O 10. Re1 Bd6 11. d5 exd5 12. Bxd5 Rhe8 13. c3 Ne7 14. Qb3
Nxd5 15. Qxd5 Rxe1+ 16. Nxe1 Bc6 17. Qc4 Bxh2+ 18. Kxh2 Qxf2 19. Bf4 Qh4+ 20.
Kg1 g5 21. Qxf7 gxf4 22. Rc1 b6 23. Qc4 Kb7 24. Qe2 Qf6 25. b4 a6 26. c4 b5 27.
cxb5 axb5 28. Rc5 Qd4+ 29. Kh2 Qe3 30. Rc2 Qxa3 31. Qe6 Rd6 32. Qa2 Qg3+ 33.
Kg1 Qxe1+ 34. Kh2 0-1

[Event "III - WC Individual Ladies"]
[Site "Malente GER"]
[Date "2004.08.04"]
[Round "11.11"]
[White "Nazarova O. (ITA)"]
[Black "Mironenko N. (UKR)"]
[Result "1-0"]
[WhiteElo "2049"]
[BlackElo "1805"]
[PlyCount "81"]
[EventDate "2004.??.??"]
[EventType "tourn"]
[EventRounds "11"]
[EventCountry "GER"]

1. d4 d5 2. c4 Nf6 3. Nc3 e6 4. Bg5 Be7 5. e3 Nbd7 6. Nf3 O-O 7. Bd3 b6 8. cxd5
exd5 9. Rc1 Bb7 10. O-O c5 11. b3 Rc8 12. Qe2 Re8 13. Rc2 h6 14. Bxf6 Bxf6 15.
Nb5 Ra8 16. Nd6 Re6 17. Nxb7 Qc7 18. Ba6 Rb8 19. dxc5 Rxb7 20. cxb6 Qxb6 21.
Rc8+ Kh7 22. Bxb7 Qxb7 23. Qc2+ g6 24. Rc7 Qb5 25. a4 Qa5 26. Rxd7 Kg7 27. Qc7
Qxc7 28. Rxc7 Rb6 29. Rxa7 Rxb3 30. h3 Ra3 31. Rd1 g5 32. Rxd5 Ra1+ 33. Kh2 Ra2
34. Rd2 Ra3 35. g4 Kg6 36. Rdd7 Ra2 37. Kg2 Bc3 38. Rxf7 Rb2 39. Rfb7 Ra2 40.
Ra6+ Bf6 41. Ne5# 1-0

[Event "III - WC Individual Ladies"]
[Site "Malente GER"]
[Date "2004.08.04"]
[Round "11.11"]
[White "Gonchar S. (UKR)"]
[Black "Marcinkevicene E. (LTU)"]
[Result "1-0"]
[WhiteElo "1805"]
[BlackElo "1805"]
[PlyCount "133"]
[EventDate "2004.??.??"]
[EventType "tourn"]
[EventRounds "11"]
[EventCountry "GER"]

1. d4 Nf6 2. c4 g6 3. Nc3 Bg7 4. e4 d6 5. Nf3 Nbd7 6. Be2 O-O 7. O-O e5 8. d5
Nc5 9. Qc2 a5 10. Bg5 h6 11. Be3 b6 12. Nd2 Nh5 13. Bxh5 gxh5 14. f4 Qh4 15.
Nf3 Qe7 16. f5 Nd7 17. b3 Nf6 18. h3 Bd7 19. a3 Kh7 20. b4 axb4 21. axb4 Rfb8
22. b5 Qf8 23. Ra2 Rxa2 24. Qxa2 Ra8 25. Qb2 Ra5 26. Ra1 Qa8 27. Rxa5 Qxa5 28.
Nd2 Ng8 29. Kf2 Bf6 30. Ndb1 Bg5 31. Qa3 Qxa3 32. Nxa3 Nf6 33. Nc2 Kg7 34. Nb4
Ne8 35. Na6 Bd8 36. Na2 Nf6 37. Kf3 Ne8 38. N2b4 Bg5 39. Bf2 Bc8 40. Nc6 Bd7
41. Ncb8 Bc8 42. Nxc7 Nxc7 43. Bxb6 Ne8 44. Nc6 Bc1 45. Bd8 Ba3 46. b6 Nf6 47.
Na5 Ne8 48. b7 Bxb7 49. Nxb7 Bb4 50. Be7 f6 51. c5 dxc5 52. Bxc5 Bxc5 53. Nxc5
Nd6 54. Kg3 Kh7 55. Kh4 Kg7 56. Kxh5 Nf7 57. Nb7 Kf8 58. d6 Ke8 59. Kg6 Ng5 60.
Kxf6 Nxe4+ 61. Kxe5 Ng5 62. h4 Nf7+ 63. Ke6 Kf8 64. d7 Kg7 65. d8=Q Nxd8+ 66.
Nxd8 h5 67. Ke7 1-0

[Event "III - WC Individual Ladies"]
[Site "Malente GER"]
[Date "2004.08.04"]
[Round "11.11"]
[White "Mucha A. (GER)"]
[Black "Necse M. (ROU)"]
[Result "1-0"]
[WhiteElo "1805"]
[BlackElo "1805"]
[PlyCount "59"]
[EventDate "2004.??.??"]
[EventType "tourn"]
[EventRounds "11"]
[EventCountry "GER"]

1. e4 e5 2. Nf3 Nc6 3. Bc4 Be7 4. d4 d6 5. O-O h6 6. Bb5 Bd7 7. Nc3 a6 8. Ba4
Nf6 9. Re1 O-O 10. Bxc6 Bxc6 11. dxe5 Ng4 12. exd6 Bxd6 13. h3 Ne5 14. Be3
Nxf3+ 15. Qxf3 Qe8 16. Qg4 Qe6 17. Qd1 Rad8 18. Qc1 Bb4 19. Bd2 Bxc3 20. Bxc3
Qg6 21. Re3 f6 22. Rg3 Qh7 23. e5 Kh8 24. exf6 gxf6 25. Qf4 Rd6 26. Re1 Rf7 27.
Re2 Bb5 28. Rd2 Bd7 29. Rxd6 cxd6 30. Bxf6+ 1-0